<?xml version="1.0" encoding="UTF-8"?>
<record
    xmlns:xsi="http://www.w3.org/2001/XMLSchema-instance"
    xsi:schemaLocation="http://www.loc.gov/MARC21/slim http://www.loc.gov/standards/marcxml/schema/MARC21slim.xsd"
    xmlns="http://www.loc.gov/MARC21/slim">

  <leader>01850nam a22002177a 4500</leader>
  <controlfield tag="003">CUTN</controlfield>
  <controlfield tag="005">20250204161230.0</controlfield>
  <controlfield tag="008">250204b        |||||||| |||| 00| 0 eng d</controlfield>
  <datafield tag="020" ind1=" " ind2=" ">
    <subfield code="a">9788180942068</subfield>
  </datafield>
  <datafield tag="041" ind1=" " ind2=" ">
    <subfield code="a">English</subfield>
  </datafield>
  <datafield tag="082" ind1=" " ind2=" ">
    <subfield code="a">370.82</subfield>
    <subfield code="b">ARU</subfield>
  </datafield>
  <datafield tag="100" ind1=" " ind2=" ">
    <subfield code="a">Arumuga Gandhi, E.</subfield>
  </datafield>
  <datafield tag="245" ind1=" " ind2=" ">
    <subfield code="a">Modern Education : </subfield>
    <subfield code="b">Women and Weaker Sections /</subfield>
  </datafield>
  <datafield tag="260" ind1=" " ind2=" ">
    <subfield code="a">Chennai :</subfield>
    <subfield code="b">MJP Publishers, </subfield>
    <subfield code="c">2014.</subfield>
  </datafield>
  <datafield tag="300" ind1=" " ind2=" ">
    <subfield code="a">xvii + 215 pages; </subfield>
    <subfield code="b">illustrations; </subfield>
    <subfield code="c">25 cm</subfield>
  </datafield>
  <datafield tag="505" ind1=" " ind2=" ">
    <subfield code="t">Structure and Pattern of Indian Education System: An Introduction Social Networking Sites Addiction and Self Esteem of Higher Secondary School Students Using Technology to Foster English Reading Proficiency for English as Second Language Learners Multifaceted Forms of ICT and Educational Technologies in the Modern Era Centre of Control and Achievement in Environmental Studies of School Students Empowering Dalits through Education Accommodations for Educational Transactions to Learning Disability Perspectives Education for Marginalized: An Analysis from Human Rights Perspective Do We Really Educate Our Children? An Analysis of Ideology Vs Reality Gender and Subject Selection in Vocational Stream of Education at Higher Secondary Level Subject Preference in Higher Education: An Analysis through Gender Perspective Girl Children and Education: An Empirical Study in Puducherry Region Role of Educational Intervention and its Impact on Health Status of Women Total Literacy Campaign and Jan Shikshan Sansthan: Means for Women Empowerment Education, Youth and Unemployment in India: A Sociological Analysis Is Vocational Stream of Education Means for Removing Unemployability: Myths and Realities Education for Survival of the Marginalised through Community College Index</subfield>
  </datafield>
  <datafield tag="650" ind1=" " ind2=" ">
    <subfield code="a">Education</subfield>
  </datafield>
  <datafield tag="650" ind1=" " ind2=" ">
    <subfield code="a">Sociology</subfield>
  </datafield>
  <datafield tag="650" ind1=" " ind2=" ">
    <subfield code="a">Women's Studies</subfield>
  </datafield>
  <datafield tag="942" ind1=" " ind2=" ">
    <subfield code="2">ddc</subfield>
    <subfield code="c">BOOKS</subfield>
  </datafield>
  <datafield tag="999" ind1=" " ind2=" ">
    <subfield code="c">43995</subfield>
    <subfield code="d">43995</subfield>
  </datafield>
  <datafield tag="952" ind1=" " ind2=" ">
    <subfield code="0">0</subfield>
    <subfield code="1">0</subfield>
    <subfield code="2">ddc</subfield>
    <subfield code="4">0</subfield>
    <subfield code="7">0</subfield>
    <subfield code="8">NFIC</subfield>
    <subfield code="a">CUTN</subfield>
    <subfield code="b">CUTN</subfield>
    <subfield code="c">300</subfield>
    <subfield code="d">2025-02-04</subfield>
    <subfield code="l">0</subfield>
    <subfield code="o">370.82 ARU</subfield>
    <subfield code="p">51725</subfield>
    <subfield code="r">2025-02-04 16:12:52</subfield>
    <subfield code="w">2025-02-04</subfield>
    <subfield code="y">BOOKS</subfield>
  </datafield>
</record>
